| 000 | 00739nam a2200217 a 4500 | ||
|---|---|---|---|
| 999 |
_c12128 _d12128 |
||
| 001 | 12128 | ||
| 003 | BD-JhCC | ||
| 005 | 20210318091146.0 | ||
| 008 | 210318s 2009bg a|||| |||| 000 0 ben d | ||
| 035 | _a(BD-JhCC)12128 | ||
| 040 |
_aBD-JhCC _dBD-JhCC |
||
| 041 | _aben | ||
| 082 |
_a005.3 _bASH 2009 |
||
| 100 | _aআশরাফ, বাপ্পি | ||
| 245 |
_aQuark Xpress 7.0 : _bডেক্সটপ পাবলিশিং / _cবাপ্পি আশরাফ |
||
| 260 |
_aঢাকা : _bজ্ঞানকোষ প্রকাশনী, _c২০০৯ |
||
| 300 |
_a৫৫৪ পৃ. : _bচিত্রবলী, _c২১ সেমি. |
||
| 650 | _aWord processing | ||
| 650 | _aDesktop publishing | ||
| 942 |
_2ddc _cBK |
||